| 000 -ლიდერი |
| ფიქსირებული სიგრძის საკონტროლო ველი |
02081nam a2200253Ia 4500 |
| 001 - საკონტროლო ნომერი |
| საკონტროლო ველი |
23283 |
| 003 - საკონტროლო ნომრის იდენტიფიკატორი |
| საკონტროლო ველი |
GE_BSU |
| 005 - ბოლო ოპერაციის თარიღი და დრო |
| საკონტროლო ველი |
20230630105806.0 |
| 008 - ფიქსირებული სიგრძის მონაცემთა ელემენტები - ზოგადი ინფორმაცია |
| ფიქსირებული სიგრძის საკონტროლო ველი |
181216s1966ge xx |||||||||||||| ||geo|| |
| 040 ## - კატალოგიზაციის წყარო |
| Transcribing agency |
GE_BSU |
| 041 ## - ენის კოდი |
| Language code of text/sound track or separate title |
geo |
| 080 ## - უნივერსალური ათობითი კლასიფიკაციის ინდექსი |
| Universal Decimal Classification number |
94(479.22)(093უცხ.) გ-34 |
| 245 ## - ცნობა სათაურის შესახებ |
| Title |
გეორგიკა : |
| Remainder of title |
ბიზანტიელი მწერლების ცნობები საქართველოს შესახებ. ტ. 6 / |
| Statement of responsibility, etc |
ტექსტები ქართული თარგმანითურთ გამოსცა და განმარტებები დაურთო სიმონ ყაუხჩიშვილმა. მთავ. რედ. ი. აბულაძე., ვლ. ფუთურიძე და სხვ. |
| 264 ## - წარმოების, გამოცემის, დისტრიბუციის და სხვა ცნობები |
| გამოცემის, წარმოების, დისტრიბუციის... ადგილი |
თბილისი : |
| გამოცემის, წარმოების, დისტრიბუციის... სახელწოდება |
მეცნიერება, |
| გამოცემის, წარმოების, დისტრიბუციის... თარიღი |
1966. |
| 300 ## - ფიზიკური აღწერა |
| Extent |
310 გვ. : |
| Other physical details |
2 ფ. ილ. |
| Dimensions |
22 სმ. |
| 501 ## - შენიშვნა თანმხლებ მასალაზე |
| With note |
საკუთარ სახელთა საძიებელი: გვ. 264-303. |
| 546 ## - LANGUAGE NOTE |
| Language note |
პარალელ. თავფურც. რუს. და ბერძნ. ენაზე.ტექსტი ბერძნ. და ქართ. ენაზე. |
| 653 ## - INDEX TERM--UNCONTROLLED |
| Uncontrolled term |
გეორგიკა : ბიზანტიელი მწერლების ცნობები საქართველოს შესახებ. ტ. 6 |
| 653 ## - INDEX TERM--UNCONTROLLED |
| Uncontrolled term |
საქართველოს ისტორიის ბიზანტიური წყაროები |
| 700 ## - ADDED ENTRY--PERSONAL NAME |
| Personal name |
ყაუხჩიშვილი, სიმონ |
| Relator term |
მთარგმნელი |
| 9 (RLIN) |
1490 |
| 700 ## - ADDED ENTRY--PERSONAL NAME |
| Personal name |
აბულაძე, ი |
| Relator term |
მთავარი რედაქტორი |
| 9 (RLIN) |
19088 |
| 710 ## - ADDED ENTRY--CORPORATE NAME |
| Corporate name or jurisdiction name as entry element |
საქ. სსრ მეცნ. აკადემია, საქ. შესახებ არსებული უცხოური წყაროების კომისია, ივ. ჯავახიშვილის სახ. ისტორიის ინ-ტი. |
| 9 (RLIN) |
19089 |
| 942 ## - ADDED ENTRY ELEMENTS (KOHA) |
| Koha item type |
წიგნი |
| Source of classification or shelving scheme |
|